<?xml version="1.0" encoding="UTF-8"?>
<record
    xmlns:xsi="http://www.w3.org/2001/XMLSchema-instance"
    xsi:schemaLocation="http://www.loc.gov/MARC21/slim http://www.loc.gov/standards/marcxml/schema/MARC21slim.xsd"
    xmlns="http://www.loc.gov/MARC21/slim">

  <leader>01576nam a22002177a 4500</leader>
  <controlfield tag="003">IT-MiCISF</controlfield>
  <controlfield tag="005">20251003102226.0</controlfield>
  <controlfield tag="008">161216b        xxu||||| |||| 00| 0 eng d</controlfield>
  <datafield tag="020" ind1=" " ind2=" ">
    <subfield code="a">9788821596698</subfield>
  </datafield>
  <datafield tag="040" ind1=" " ind2=" ">
    <subfield code="c">IT-MiCISF</subfield>
  </datafield>
  <datafield tag="041" ind1=" " ind2=" ">
    <subfield code="a">it</subfield>
  </datafield>
  <datafield tag="100" ind1=" " ind2=" ">
    <subfield code="a">Belletti Francesco</subfield>
    <subfield code="9">56063</subfield>
  </datafield>
  <datafield tag="245" ind1=" " ind2=" ">
    <subfield code="a">La famiglia costruisce la societ&#xE0;.</subfield>
    <subfield code="b">Un valore "aggiunto" per tutti</subfield>
  </datafield>
  <datafield tag="260" ind1=" " ind2=" ">
    <subfield code="a">Cinisello B. (MI),</subfield>
    <subfield code="b">San Paolo,</subfield>
    <subfield code="c">2015</subfield>
  </datafield>
  <datafield tag="300" ind1=" " ind2=" ">
    <subfield code="a">pp. 178</subfield>
  </datafield>
  <datafield tag="500" ind1=" " ind2=" ">
    <subfield code="a">famiglia, societ&#xE0;, chiesa, capitale-sociale, lavoro, associazioni</subfield>
  </datafield>
  <datafield tag="520" ind1=" " ind2=" ">
    <subfield code="a">L'imponente dibattito ecclesiale e sociale sulla famiglia avviato dai due Sinodi alimenta anche una riflessione pi&#xF9; laica sul posto della famiglia nella societ&#xE0;. Per questo motivo, il volume vuole aiutare a riflettere su una questione essenziale: la famiglia &#xE8; inserita nella storia e tra i valori del nostro popolo. E nelle storie personali e nella cultura sociale, a differenza di quanto si crede, la famiglia risulta ancora la "cellula fondamentale della societ&#xE0;". Il testo propone un percorso che tende a riaffermare la famiglia come spazio insostituibile di tutela dell'umano, ma anche luogo decisivo della societ&#xE0;. Avendo proprie qualit&#xE0; interne, non appare possibile n&#xE9; tanto meno ragionevole pensare di poter ridefinire la famiglia secondo i propri orientamenti personali. Infatti "fare ed essere famiglia" si configura come un concetto dalle caratteristiche fisse e non variabili secondo i tempi storici e le preferenze e i gusti individuali.</subfield>
  </datafield>
  <datafield tag="650" ind1=" " ind2=" ">
    <subfield code="a">Famiglia</subfield>
    <subfield code="9">56036</subfield>
  </datafield>
  <datafield tag="654" ind1=" " ind2=" ">
    <subfield code="a">saggio</subfield>
  </datafield>
  <datafield tag="942" ind1=" " ind2=" ">
    <subfield code="2">ddc</subfield>
    <subfield code="c">BK</subfield>
  </datafield>
  <datafield tag="999" ind1=" " ind2=" ">
    <subfield code="c">259196</subfield>
    <subfield code="d">259196</subfield>
  </datafield>
  <datafield tag="952" ind1=" " ind2=" ">
    <subfield code="0">0</subfield>
    <subfield code="1">0</subfield>
    <subfield code="2">ddc</subfield>
    <subfield code="4">0</subfield>
    <subfield code="6">A_2159_000000000000000</subfield>
    <subfield code="7">1</subfield>
    <subfield code="a">CISF</subfield>
    <subfield code="b">CISF</subfield>
    <subfield code="d">2016-12-16</subfield>
    <subfield code="l">0</subfield>
    <subfield code="o">a2159</subfield>
    <subfield code="p">9788821596698</subfield>
    <subfield code="r">2016-12-16 00:00:00</subfield>
    <subfield code="w">2016-12-16</subfield>
    <subfield code="y">BK</subfield>
  </datafield>
</record>
